00901nam a2200253 a 450000100060000000300080000600500170001400800410003103500190007204000230009104100080011408200280012224500840015026000520023430000250028650400260031165000340033765100400037170000280041183000380043994200120047799900170048995201410050645167BD-RjUL20211209053955.0160724s1966 njub b 000 0 eng  a(BD-RjUL)45285 aDLCcDLCdDLCbeng aeng00223a909.09767bMUS 196614aThe Muslim world on the eve of Europe's expansion,cedited by John J. Saunders. aEnglewood Cliffs, N.J., :bPrentice-Hall,c1966 axi, 146 p. ;c21 cm. aIncludes Bibliography 0aIslamic civilization.9118973 0aIslamic countriesxHistory.9138362 aSaunders, J. J.9138361 aThe Global history series9125315 2ddccBK c45167d45167 00102ddc40708NFICaRUCLbRUCLcStackd1969-01-09eFeroz Sonsg15.60l0o909.09767 MUS 1966r2016-07-24 00:00:00tC-2w2021-12-09yBK